|
|
|
|
| LEADER |
00000nam0a2200000 4500 |
| 001 |
377781 |
| 005 |
20231102012941.0 |
| 035 |
|
|
|a (RuTPU)RU\TPU\retro\35234
|
| 090 |
|
|
|a 377781
|
| 100 |
|
|
|a 20230405d1978 m y0rusy50 ca
|
| 101 |
0 |
|
|a rus
|
| 102 |
|
|
|a UA
|
| 105 |
|
|
|a a j 001zy
|
| 200 |
1 |
|
|a Квантовые приборы СВЧ и оптического диапазонов
|e учебное пособие
|f И. П. Панфилов, В. Д. Иванченко
|g Одесский электротехнический институт связи
|
| 210 |
|
|
|a Одесса
|c [Б. и.]
|d 1978
|
| 215 |
|
|
|a 60 с.
|c ил.
|
| 320 |
|
|
|a Библиогр.: с. 58
|
| 606 |
1 |
|
|a Электронные приборы, сверхвысокочастотные
|2 stltpush
|3 (RuTPU)RU\TPU\subj\20500
|9 45601
|
| 610 |
1 |
|
|a квантовые приборы
|
| 610 |
1 |
|
|a физические основы
|
| 610 |
1 |
|
|a квантовые генераторы
|
| 610 |
1 |
|
|a квантовые усилители
|
| 610 |
1 |
|
|a квантовые приборы
|
| 610 |
1 |
|
|a учебные пособия
|
| 675 |
|
|
|a 621.385.6(075.8)
|v 4
|
| 700 |
|
1 |
|a Панфилов
|b И. П.
|g Иван Павлович
|
| 701 |
|
1 |
|a Иванченко
|b В. Д.
|g Владимир Давыдович
|
| 712 |
0 |
2 |
|a Одесский электротехнический институт связи
|2 stltpush
|3 (RuTPU)RU\TPU\col\9950
|9 24768
|
| 801 |
|
1 |
|a RU
|b 63413507
|c 20230405
|
| 942 |
|
|
|c BK
|